| 000 | 00790cab a2200229 4500 | ||
|---|---|---|---|
| 001 | ABS46379 | ||
| 008 | 090401t1992 xxu||||| |||| 00| 0 eng d | ||
| 035 | _a(Sirsi) u58005 | ||
| 041 | _aeng | ||
| 100 | _aHealey, P. | ||
| 245 | 3 | _aAn institutional model of the development process | |
| 260 | _c1992 | ||
| 350 | _a0 | ||
| 490 |
_aJournal of Property Research _v9(1) Spring 1992, 33-46(7) |
||
| 520 | _aProposes a theoretical framework to describe development, taking into account the multiplicity of agencies, events, procedural options and strategies. The model is tested in a case study of Tyneside redevelopment. | ||
| 650 | _aANALYSIS | ||
| 650 | _aDEVELOPMENT PROCESS | ||
| 650 | _aTHEORY | ||
| 690 | _aPROPERTY-PROPERTY DEVELOPMENT | ||
| 942 | _n0 | ||
| 948 | _c04/03/1997 | ||
| 999 |
_c35395 _d35395 |
||